LEADER 01443nam0 2200289 450 001 000044757 005 20180531101357.0 100 $a20180531d2018----km-y0itay50------ba 101 0 $aita 102 $aIT 105 $aa---m-------- 200 1 $aValutazione dell'efficienza tecnica, economica, ambientale e microbiologica della razionem alimentare per bovine da latte$bTesi di dottorato$fdottorando: Francesco Adduci$gcoordinatore: Marco Borghetti$grelatore: Carlo Cosentino 210 $a[Potenza]$d[2018] 215 $a104 p.$cill.$d30 cm. 328 1$aTesi di dottorato: Universitą della Basilicata, Dottorato di ricerca in Scienze e tecnologie agrarie, forestali e degli alimenti, XXX ciclo 676 $a636.084$v(22. ed.)$9Allevamento di animali. Alimentazione 676 $a636.2142$v(22. ed.)$9Allevamento di animali. Bovini da latte 686 $aAGR/19$cZootecnica speciale 700 1$aAdduci,$bFrancesco$0758792 801 0$aIT$bUniversitą della Basilicata - B.I.A.$gREICAT$2unimarc 912 $a000044757 996 $aValutazione dell'efficienza tecnica, economica, ambientale e microbiologica della razionem alimentare per bovine da latte$91532976 997 $aUNIBAS CAT $aTTM$b30$c20180531$lBAS01$h1001 CAT $aTTM$b30$c20180531$lBAS01$h1013 FMT Z30 -1$lBAS01$LBAS01$mBOOK$1BASA2$APolo Tecnico-Scientifico$2TDO$BTesi di Dottorato$3TDA.30c.AF1$644757-10$54475710$820180531$f98$FConsultazione LEADER 02721nam 2200685 450 001 9910460389003321 005 20200520144314.0 010 $a0-88755-498-9 010 $a0-88755-500-4 035 $a(CKB)3710000000420239 035 $a(EBL)3431450 035 $a(OCoLC)901993642 035 $a(SSID)ssj0001538384 035 $a(PQKBManifestationID)11922123 035 $a(PQKBTitleCode)TC0001538384 035 $a(PQKBWorkID)11528046 035 $a(PQKB)11114689 035 $a(MiAaPQ)EBC4828038 035 $a(CEL)467357 035 $a(OCoLC)911205270 035 $a(CaBNVSL)thg00930123 035 $a(MiAaPQ)EBC3431450 035 $a(Au-PeEL)EBL4828038 035 $a(CaPaEBR)ebr11367947 035 $a(CaONFJC)MIL827946 035 $a(PPN)252623304 035 $a(EXLCZ)993710000000420239 100 $a20170418h20152015 uy 0 101 0 $aeng 135 $aur|n|---||||| 181 $ctxt 182 $cc 183 $acr 200 10$aInvisible immigrants $ethe English in Canada since 1945 /$fMarilyn Barber and Murray Watson 210 1$aWinnipeg, Manitoba :$cUniversity of Manitoba Press,$d2015. 210 4$d©2015 215 $a1 online resource (297 p.) 225 1 $aStudies in Immigration and Culture 311 $a0-88755-777-5 320 $aIncludes bibliographical references and index. 327 $aCover; Studies in Immigration and Culture Series; Dedication; Contents; List of Illustrations; Introduction; The strengths and limitations of oral history; Chapter 1: Migration and Society in the Postwar Years; Chapter 2: Why Emigrate? Why Canada?; Chapter 3: Crossing the Atlantic; Chapter 4: Adaptation; Chapter 5: Earning a Living; Chapter 6: Home, Family, Community; Chapter 7: National Identity; Afterword; Acknowledgements; Notes; Introduction; Chapter 1: Migration and Society in the Postwar Years; Chapter 2: Why Emigrate? Why Canada?; Chapter 3: Crossing the Atlantic; Chapter 4: Adaptation 327 $aChapter 5: Earning a LivingChapter 6: Home, Family, Community; Chapter 7: National Identity; Afterword; Bibliography; Index 410 0$aStudies in immigration and culture. 606 $aEnglish$zCanada$xHistory$y20th century 606 $aImmigrants$zCanada$xHistory$y20th century 606 $aOral history$zCanada 608 $aElectronic books. 615 0$aEnglish$xHistory 615 0$aImmigrants$xHistory 615 0$aOral history 676 $a971/.00421 700 $aBarber$b Marilyn$0925606 702 $aWatson$b Murray 801 0$bMiAaPQ 801 1$bMiAaPQ 801 2$bMiAaPQ 906 $aBOOK 912 $a9910460389003321 996 $aInvisible immigrants$92078234 997 $aUNINA